| 000 | 01093nam a22002417a 4500 | ||
|---|---|---|---|
| 005 | 2010080209249.0 | ||
| 010 | _aENG-97660 B-422634 | ||
| 020 |
_a9788131730805 _c650.00 |
||
| 035 | _aEN-81193 | ||
| 037 | _bDBAD/PUB | ||
| 037 | _bRP/CL/UBH/263/31.1.2011 | ||
| 082 |
_25th _a339.46091724 |
||
| 100 |
_aPrahalad, C.K. _926587 |
||
| 245 |
_aThe fortune at the bottom of the pyramid : _beradicating poverty through profits / _cby C. K. Prahalad |
||
| 260 |
_aNew Delhi _bDorling Kindersley _c2010 |
||
| 270 |
_a14 Local Shopping Centre, Panchsheel Park, _bNew Delhi _e110017 |
||
| 300 |
_axxii, 407p. _bCD-ROM _c23cm (Hb) |
||
| 500 | _aIncludes index | ||
| 942 |
_2ddc _cEN _h339.46091724 _mPRA |
||
| 999 |
_c38547 _d38547 |
||